[Event "OS INCLIVEIS"]
[Site "http://www.queenalice.com/game.php?id=1353737"]
[Date "2015.4.15"]
[Round "-"]
[White "adelio"]
[Black "super_viper"]
[Result "0-1"]
[WhiteElo "1866"]
[BlackElo "2182"]

1. d4 c6 2. c4 d5 3. Nc3 Nf6 4. e3 e6 5. Be2 b6 6. h4 Bd6 7. h5 h6 8. g4 dxc4 9.
Bxc4 Nbd7 10. e4 b5 11. Be2 b4 12. e5 bxc3 13. exd6 Qa5 14. Kf1 cxb2 15. Bxb2
Rb8 16. Qc2 O-O 17. Nh3 Nxg4 18. Bxg4 Qb5+ 19. Kg2 Qxb2 20. Qxb2 Rxb2 21. Nf4
Rd8 22. Nxe6 fxe6 23. Bxe6+ Kf8 24. Rh3 Nf6 25. Bxc8 Rxc8 26. Rf3 Rd8 27. a4
Rxd6 28. Rf4 Kg8 29. Ra3 Nxh5 30. Rg4 g5 31. Rf3 Nf6 32. Rfg3 Nxg4 33. Rxg4 Rf6
34. Re4 Rfxf2+ 35. Kg3 Rfe2 36. Kf3 Rxe4 37. Kxe4 Rf2 38. Ke5 g4 39. Kd6 g3 40.
Kxc6 g2 41. Kb7 Rf6 42. Kxa7 g1=Q 43. a5 Qg7+ 44. Ka8 Rf8# 0-1

[Event "AUTO-MASTER-2254 - Round 2"]
[Site "http://www.queenalice.com/game.php?id=1355979"]
[Date "2015.4.27"]
[Round "-"]
[White "super_viper"]
[Black "LAIRE"]
[Result "1-0"]
[WhiteElo "2270"]
[BlackElo "2237"]

1. c4 e6 2. Nc3 d5 3. d4 Nf6 4. Bg5 Nbd7 5. e3 c6 6. cxd5 exd5 7. Bd3 Be7 8. Qc2
O-O 9. Nf3 Re8 10. O-O Nf8 11. h3 Ne4 12. Bf4 Nd6 13. b4 Nc4 14. b5 Na3 15. Qb3
Qb6 16. Na4 Qa5 17. bxc6 bxc6 18. Ne5 Bd7 19. Rfc1 Rab8 20. Qd1 Rbc8 21. Nc5
Bxc5 22. Rxc5 Qb6 23. Rac1 f6 24. Nxd7 Nxd7 25. Bxh7+ Kxh7 26. Qh5+ Kg8 27. Rxc6
Rxc6 28. Qxe8+ Kh7 29. Qh5+ 1-0

[Event "AUTO-MASTER-2254 - Round 2"]
[Site "http://www.queenalice.com/game.php?id=1355980"]
[Date "2015.4.27"]
[Round "-"]
[White "LAIRE"]
[Black "super_viper"]
[Result "0-1"]
[WhiteElo "2250"]
[BlackElo "2226"]

1. d4 Nf6 2. c4 c5 3. d5 b5 4. cxb5 a6 5. f3 axb5 6. e4 Qa5+ 7. Bd2 b4 8. Na3 e6
9. Bc4 Ba6 10. dxe6 fxe6 11. Qe2 Nc6 12. Bxa6 Nd4 13. Qd1 Qxa6 14. Nc2 Nxc2+ 15.
Qxc2 c4 16. Qd1 Bc5 17. Bg5 Qb6 18. Nh3 Bd4 0-1

[Event "josh_hhbbbbb"]
[Site "http://www.queenalice.com/game.php?id=1358071"]
[Date "2015.5.7"]
[Round "1"]
[White "daveslops"]
[Black "super_viper"]
[Result "0-1"]
[WhiteElo "1342"]
[BlackElo "2215"]

1. e3 e5 2. Bd3 Nf6 3. Nf3 e4 4. Nd4 exd3 5. cxd3 d5 6. Qa4+ Bd7 7. Nb5 a6 8.
N1c3 Nc6 9. d4 axb5 10. Qxb5 Nb4 11. Qxb7 Ra5 0-1

[Event "AUTO-MASTER-2293"]
[Site "http://www.queenalice.com/game.php?id=1358333"]
[Date "2015.5.8"]
[Round "1"]
[White "super_viper"]
[Black "salso"]
[Result "1-0"]
[WhiteElo "2195"]
[BlackElo "2175"]

1. g4 h5 2. g5 g6 3. d4 c5 4. e4 Bg7 5. dxc5 Qa5+ 6. c3 Qxc5 7. Be3 Qc7 8. f4 e6
9. Na3 a6 10. Nc4 b5 11. Bb6 Qc6 12. Nd6+ Kf8 13. Bd4 f6 14. gxf6 Bxf6 15. Bxf6
Nxf6 16. Qd4 Ke7 17. O-O-O Rg8 18. Qe5 Ne8 19. Qg5+ Kf8 20. Qd8 Kg7 21. Qe7+ Kh6
22. Nf7+ Kh7 23. Ng5+ Kh6 24. Qh7# 1-0

[Event "AUTO-MASTER-2293"]
[Site "http://www.queenalice.com/game.php?id=1358334"]
[Date "2015.5.8"]
[Round "1"]
[White "salso"]
[Black "super_viper"]
[Result "0-1"]
[WhiteElo "2151"]
[BlackElo "2216"]

1. d4 Nf6 2. e3 d5 3. Bd3 c5 4. c3 Nc6 5. f4 Bg4 6. Nf3 e6 7. Nbd2 Bd6 8. O-O
cxd4 9. cxd4 O-O 10. a3 Rc8 11. Qe1 Bf5 12. Qe2 Bxd3 13. Qxd3 Qc7 14. Ne5 Ne7
15. e4 Qc2 16. Qxc2 Rxc2 17. exd5 Nfxd5 18. Ndc4 Bxe5 19. Nxe5 Nf5 20. Nf3 Rfc8
21. Bd2 Rxb2 22. Rfb1 Rcc2 23. Rxb2 Rxb2 24. g4 Nxd4 25. Nxd4 Rxd2 26. Nb5 Nxf4
27. Nxa7 Nh3+ 28. Kh1 Nf2+ 29. Kg2 Nxg4+ 30. Kg3 f5 31. h3 Nf2 32. h4 Ne4+ 33.
Kf4 Kf7 34. a4 Rd3 35. Rb1 Kf6 36. Rb6 g5+ 37. hxg5+ Nxg5 38. Rxb7 e5# 0-1

[Event "AUTO-MASTER-2293"]
[Site "http://www.queenalice.com/game.php?id=1358335"]
[Date "2015.5.8"]
[Round "1"]
[White "super_viper"]
[Black "HakunaMatata"]
[Result "1-0"]
[WhiteElo "2171"]
[BlackElo "2125"]

1. b3 e5 2. Bb2 Nc6 3. e3 d5 4. Bb5 Bd6 5. f4 f6 6. fxe5 fxe5 7. Nf3 Bg4 8. h3
Bxf3 9. Qxf3 Nf6 10. Nc3 e4 11. Qf5 O-O 12. O-O-O Ne7 13. Qe6+ Kh8 14. Be2 c6
15. Rdf1 Qc7 16. Nb5 cxb5 17. Rxf6 gxf6 18. Bxf6+ Rxf6 19. Qxf6+ Kg8 20. Bg4 h5
21. Rf1 Ba3+ 22. Kb1 Nc6 23. Be6+ Kh7 24. Rf5 1-0

[Event "AUTO-MASTER-2293"]
[Site "http://www.queenalice.com/game.php?id=1358336"]
[Date "2015.5.8"]
[Round "1"]
[White "HakunaMatata"]
[Black "super_viper"]
[Result "0-1"]
[WhiteElo "2116"]
[BlackElo "2206"]

1. d4 c6 2. Nf3 Nf6 3. c4 d5 4. b3 Bf5 5. Nc3 e6 6. e3 Bb4 7. Bd2 h6 8. a3 Be7
9. Be2 Nbd7 10. O-O O-O 11. Nh4 Bh7 12. f4 c5 13. Nf3 Rc8 14. Ne5 dxc4 15. bxc4
cxd4 16. exd4 Nxe5 17. dxe5 Qb6+ 18. Kh1 Ne4 19. Nxe4 Bxe4 20. Qe1 Rfd8 21. Bb4
Bc5 22. Ba5 Qc6 23. Qg3 Rd7 24. Bb4 Rcd8 25. Rac1 Bd3 26. Bxd3 Rxd3 27. Qe1 Be3
28. Rc2 R8d4 29. Qe2 Rxc4 30. Rxc4 Qxc4 31. f5 exf5 32. Rxf5 Bf4 33. Be1 Rd1 34.
Qf2 Qe4 35. Rxf4 Qxe1+ 0-1

[Event "AUTO-MASTER-2293"]
[Site "http://www.queenalice.com/game.php?id=1358337"]
[Date "2015.5.8"]
[Round "1"]
[White "super_viper"]
[Black "Alexandrovinsk"]
[Result "1-0"]
[WhiteElo "2239"]
[BlackElo "2110"]

1. e4 c6 2. c4 d5 3. exd5 cxd5 4. d4 e6 5. Nf3 Nf6 6. Nc3 dxc4 7. Bxc4 Nc6 8.
O-O Be7 9. a3 O-O 10. Re1 a6 11. Ba2 b5 12. d5 exd5 13. Nxd5 Nxd5 14. Qxd5 Qc7
15. Rxe7 Qxe7 16. Qxc6 Bb7 17. Bg5 Bxc6 18. Bxe7 Rfe8 19. Bb4 Bxf3 20. gxf3 Re2
21. Rc1 Rxb2 22. Bd5 Rd8 23. Rc7 h6 24. Bxf7+ Kh7 25. Rc6 Ra8 26. Bg6+ Kg8 27.
Rc7 a5 28. Bc3 Re2 29. Rxg7+ Kf8 30. Rf7+ Kg8 31. Rh7 1-0

[Event "AUTO-MASTER-2293"]
[Site "http://www.queenalice.com/game.php?id=1358338"]
[Date "2015.5.8"]
[Round "1"]
[White "Alexandrovinsk"]
[Black "super_viper"]
[Result "0-1"]
[WhiteElo "2102"]
[BlackElo "2185"]

1. e4 Nf6 2. Nc3 e5 3. Bc4 Nc6 4. Nf3 Nxe4 5. Bxf7+ Kxf7 6. Nxe4 d5 7. Ng3 e4 8.
Ng1 h5 9. Nxh5 Qh4 10. Ng3 Bg4 11. f3 exf3 12. Nxf3 Qxg3+ 0-1

[Event "Let's Play Chess!"]
[Site "http://www.queenalice.com/game.php?id=1361090"]
[Date "2015.5.22"]
[Round "-"]
[White "super_viper"]
[Black "mathematician1961"]
[Result "1-0"]
[WhiteElo "2247"]
[BlackElo "2694"]

1. d4 Nf6 2. Bf4 c5 3. e3 d5 4. Nf3 Nc6 5. h3 cxd4 6. exd4 Bf5 7. Bd3 Bxd3 8.
Qxd3 e6 9. O-O Bd6 10. Bxd6 Qxd6 11. Nbd2 O-O 12. Rfe1 Qc7 13. c3 Rfc8 14. Qe2
h6 15. Nb3 Ne4 16. Nfd2 Nd6 17. Nc5 Re8 18. Qg4 Qb6 19. Rab1 Qa5 20. a3 Rad8 21.
Nf1 Qc7 22. Re2 Na5 23. Ng3 Qe7 24. h4 Nac4 25. Nh5 Nf5 26. g3 b6 27. Nd3 Kh7
28. Rbe1 Ncd6 29. Nhf4 Qf6 30. Ne5 Rc8 31. c4 dxc4 32. d5 1-0

[Event "Challenge One"]
[Site "http://www.queenalice.com/game.php?id=1363985"]
[Date "2015.6.7"]
[Round "-"]
[White "super_viper"]
[Black "eddval"]
[Result "1-0"]
[WhiteElo "2282"]
[BlackElo "2279"]

1. d4 Nf6 2. c4 e6 3. Bg5 h6 4. Bxf6 Qxf6 5. Nc3 Bb4 6. e3 Bxc3+ 7. bxc3 d6 8.
Bd3 Nd7 9. Ne2 b6 10. Be4 Rb8 11. O-O O-O 12. Ng3 Qh4 13. Bc6 Nf6 14. Qa4 a5 15.
Rae1 Ba6 16. e4 Ng4 17. h3 Nxf2 18. Re3 Nxh3+ 19. gxh3 g6 20. Kh2 Bc8 21. e5 f5
22. exf6 Rxf6 23. Re4 Qg5 24. Rg4 Qd2+ 25. Bg2 b5 26. Rxf6 bxa4 27. Rfxg6+ Kf7
28. Rg7+ Kf8 29. Rg8+ Kf7 30. R4g7+ 1-0

[Event "Challenge Two"]
[Site "http://www.queenalice.com/game.php?id=1363986"]
[Date "2015.6.7"]
[Round "-"]
[White "eddval"]
[Black "super_viper"]
[Result "0-1"]
[WhiteElo "2284"]
[BlackElo "2294"]

1. e4 d5 2. exd5 Qxd5 3. Nc3 Qa5 4. d4 Nf6 5. Bc4 c6 6. h3 Bf5 7. Nf3 e6 8. O-O
Bd6 9. Re1 O-O 10. Bd2 Qc7 11. Ne5 Nbd7 12. f4 Qb6 13. Bc1 Rfd8 14. Qe2 Qxd4+
15. Be3 Qxe3+ 16. Qxe3 Bc5 17. Bd3 Bxe3+ 18. Rxe3 Nxe5 19. fxe5 Nd5 20. Nxd5
Rxd5 21. Bxf5 exf5 22. Rae1 Re8 23. R1e2 Kf8 24. Kf2 Ra5 25. a3 Rd5 26. Kf3 Ke7
27. Kf4 Rd4+ 28. Kf3 Red8 29. Re1 g5 30. g3 Ke6 31. R1e2 h5 32. Re1 h4 33. R3e2
g4+ 34. Kg2 gxh3+ 35. Kxh3 Rg4 36. Re3 Rdg8 37. gxh4 f4 38. Rd3 Kf5 39. Rd6
Rxh4+ 0-1

[Event "josh_hhbbbbb"]
[Site "http://www.queenalice.com/game.php?id=1365855"]
[Date "2015.6.16"]
[Round "2"]
[White "super_viper"]
[Black "jw16js"]
[Result "1-0"]
[WhiteElo "2281"]
[BlackElo "1590"]

1. Nf3 Nf6 2. c4 c5 3. Nc3 g6 4. g3 Bg7 5. Bg2 O-O 6. d4 b6 7. O-O Ba6 8. dxc5
Bxc4 9. Ne5 d5 10. cxd6 Bd5 11. Nxd5 Qxd6 12. Bf4 Nbd7 13. Nxd7 e5 14. N5xf6+
Qxf6 15. Nxf6+ Bxf6 16. Be3 Rad8 17. Qa4 e4 18. Rad1 Bxb2 19. Rxd8 Rxd8 20. Qxa7
Kg7 21. Qxb6 Bf6 22. a4 h6 23. Bxh6+ Kxh6 24. Qxf6 Re8 25. Qxf7 Re5 26. Qf8+ Kg5
27. Qf4+ Kh5 28. Qh4# 1-0

[Event "Challenge"]
[Site "http://www.queenalice.com/game.php?id=1366352"]
[Date "2015.6.18"]
[Round "-"]
[White "RIVAS"]
[Black "super_viper"]
[Result "1-0"]
[WhiteElo "2338"]
[BlackElo "2306"]

1. d4 Nf6 2. c4 c5 3. d5 b5 4. Nf3 g6 5. cxb5 a6 6. b6 Qxb6 7. Nc3 d6 8. e4 Bg7
9. Be2 O-O 10. O-O Nbd7 11. Qc2 Rb8 12. Rb1 Qc7 13. Bg5 h6 14. Bf4 g5 15. Be3 e6
16. Rfd1 exd5 17. exd5 Re8 18. h4 g4 19. Nd2 g3 20. Nde4 gxf2+ 21. Bxf2 Rb4 22.
Nxf6+ Nxf6 23. a3 Rf4 24. Qd2 1-0

[Event "AUTO-OPEN-3460"]
[Site "http://www.queenalice.com/game.php?id=1382298"]
[Date "2015.9.10"]
[Round "2"]
[White "super_viper"]
[Black "jacconsultoria"]
[Result "1-0"]
[WhiteElo "2301"]
[BlackElo "2499"]

1. c4 c5 2. Nf3 Nc6 3. Nc3 g6 4. e3 Bg7 5. d4 cxd4 6. exd4 Nf6 7. d5 Nb8 8. Be3
d6 9. Be2 O-O 10. O-O Bg4 11. Rc1 Nbd7 12. h3 Bxf3 13. Bxf3 Rc8 14. Be2 Qa5 15.
a3 a6 16. b4 Qd8 17. Qd2 Re8 18. Rfd1 Qc7 19. g4 Red8 20. g5 Ne8 21. Ne4 b6 22.
h4 f5 23. Ng3 Nf8 24. h5 e5 25. dxe6 Nxe6 26. h6 Bh8 27. Bf3 Be5 28. Bd5 Qe7 29.
Bxb6 Rd7 30. f4 Bh8 31. Re1 1-0

[Event "AUTO-OPEN-3460"]
[Site "http://www.queenalice.com/game.php?id=1382302"]
[Date "2015.9.10"]
[Round "2"]
[White "super_viper"]
[Black "meguinho"]
[Result "1-0"]
[WhiteElo "2338"]
[BlackElo "2672"]

1. d4 d5 2. c4 c6 3. Nf3 Nf6 4. Nc3 e6 5. Bg5 Nbd7 6. cxd5 exd5 7. e3 Be7 8. Bd3
O-O 9. Qc2 Re8 10. O-O Nf8 11. h3 g6 12. Bh6 Nh5 13. Rfe1 Ng7 14. Rad1 Nf5 15.
Bf4 Bd6 16. Be5 Bxe5 17. dxe5 Nh4 18. Nxh4 Qxh4 19. f4 Qg3 20. Qf2 Qxf2+ 21.
Kxf2 Ne6 22. g4 Kg7 23. Kg3 a5 24. Na4 b5 25. Nb6 Rb8 26. Nxc8 Rexc8 27. h4 c5
28. Be2 Rd8 29. Bf3 Nc7 30. h5 gxh5 31. g5 a4 32. Rh1 a3 33. bxa3 Ra8 34. Rxh5
Rxa3 35. Rdh1 Rh8 36. f5 Rxe3 37. Rh6 c4 38. Kf4 Rd3 39. Rc6 Rd4+ 40. Kg3 Ne8
41. Rc5 h5 42. Rxh5 Rxh5 43. Bxh5 Rd3+ 44. Kf4 Rd4+ 45. Kf3 Rd3+ 46. Ke2 d4 47.
e6 fxe6 48. Bxe8 Re3+ 49. Kf2 exf5 50. Rc7+ Kf8 51. Bxb5 1-0

[Event "AUTO-MASTER-2293"]
[Site "http://www.queenalice.com/game.php?id=1386470"]
[Date "2015.9.30"]
[Round "2"]
[White "super_viper"]
[Black "Maniusiek"]
[Result "1/2-1/2"]
[WhiteElo "2360"]
[BlackElo "2631"]

1. c4 c6 2. e4 d5 3. cxd5 cxd5 4. exd5 Nf6 5. Nc3 Nxd5 6. Nf3 Nxc3 7. bxc3 g6 8.
d4 Bg7 9. Bd3 O-O 10. O-O Nc6 11. Re1 e5 12. Nxe5 Nxe5 13. dxe5 Qa5 14. Qe2 Qxc3
15. Bb2 Qb4 16. a3 Qa4 17. Bb5 Qb3 18. Bc4 Qb6 19. Rad1 Be6 20. Bxe6 Qxe6 21.
Rd6 Qb3 22. Qd2 Rac8 23. Rd7 b5 24. Re2 a6 25. Rd6 a5 26. h4 b4 27. Rd3 Qa2 28.
h5 bxa3 29. Rxa3 Qb1+ 30. Kh2 Rcd8 31. Qf4 Rd5 32. Qf3 1/2-1/2